| 000 | 01275nam a2200325 a 4500 | ||
|---|---|---|---|
| 001 | 000026028 | ||
| 005 | 20251017124518.0 | ||
| 008 | 110225s1995 mx r 000 0 spa d | ||
| 020 | _a9688591440 | ||
| 040 |
_aDO-SdBNP _bspa _cBNPHU |
||
| 041 | 1 | 7 |
_aspa _heng _2Código de idioma MARC |
| 082 |
_a150.195 _bC418h |
||
| 100 | 1 |
_aCerteau, Michel de, _d1925-1986 _947507 |
|
| 240 | 1 | 0 |
_aHistoire et psychanalyse entre science et fiction. _lEspañol. |
| 245 | 1 | 0 |
_aHistoria y psicoanálisis : _bentre ciencia y ficción / _cMichel de Certeau ; traducción de Alfonso Menidola ; edición Rubén Losano Herrera. |
| 260 |
_aMéxico : _bUniversidad Iberoamericana, _c1995. |
||
| 300 |
_a160, [1] p. ; _c23 cm. |
||
| 490 | 1 | _aEl oficio de la historia. | |
| 500 | _aIncluye datos del autor en la solapa de la contracubierta | ||
| 504 | _aIncluye referencias bibliográficas | ||
| 534 |
_aTítulo original: _tHistoire et psychanalyse entre science et fiction. |
||
| 650 | 4 |
_aPsicoanálisis _91958 |
|
| 650 | 4 |
_aPsicohistoria _952941 |
|
| 650 | 0 |
_aSalud mental _9803 |
|
| 650 | 4 |
_aPsicoanálisis _xFilosofía _952942 |
|
| 700 | 1 |
_aMenidola, Alfonso _etr. _952943 |
|
| 700 | 1 |
_aLosano Herrera, Rubén, _eed. _952944 |
|
| 830 | 0 |
_aEl oficio de la historia. _947511 |
|
| 049 | _aBNGR | ||
| 999 |
_c25520 _d25520 |
||